000
00318nam a2200109Ia 4500
008
171211s9999 xx 000 0 und d
245
_a
Heroku: Up and Running
245
_c
Neil Middleton and Richard Schneeman
260
_c
2013
650
_x
Web Development
856
_u
http://down.ebook777.com/017/9781449341398.pdf
999
_c
350037
_d
350037